When Did They Live? #2 - Statistics

General Stats
  • This quiz has been taken 152 times
  • The average score is 6 of 10
Answer Stats
Name Description Answer % Correct
Benjamin Franklin Inventor 1706–1790
95%
Jim Morrison Singer 1943–1971
93%
Hernán Cortés Conquistador 1485–1547
80%
John Deere Businessman 1804–1886
78%
Edgar Degas Painter 1834–1917
71%
Scott Joplin Composer 1868–1917
65%
Kublai Khan Emperor 1215–1294
55%
Anders Celsius Physicist 1701–1744
36%
Nebuchadnezzar II King 642–562 BC
16%
Tutankhamun Pharaoh 1341–1323 BC
7%
No matching quizzes found
Score Distribution
Percent of People with Each Score
Percentile by Number Answered
Your Score History
You have not taken this quiz